Quizzes
Events
Quiz Creation
Community
Videos
Private Events
Remove Ads
Sign In
Join for FREE
Feedback
Dark Mode
Quiz Categories
Sports
Geography
Music
Movies
Television
Just For Fun
Miscellaneous
History
Literature
Language
Science
Gaming
Entertainment
Religion
Holiday
For Kids
Quiz Lab
Recent
Popular Today
Quiz Kudos Today
Editor Picks
Curator Picks
Quizzes by...
Day
Popularity
Type
Ratings
Length
Year
Community
Subscriptions
Recent Discussions
Orange Saloon
Badges
Playlists
Quests
Create
Leaderboards
Showdown
Live 5
Trivia Bingo
Activity
Puzzle Library
Sporcle Events
Private Events
Virtual Trivia
Globe League
Become a Host
Pub Owners
SporcleCon
Opinionation
Our Games
Videos
Blog
Mobile Apps
Partnerships
Remove Ads and Go Orange
Feedback
Miscellaneous
Crossword
General Knowledge
Baby Names
Logo
Food
Cars
Numbers
Grab Bag
University
College
Popular
Company
Slogans
Restaurants
Justice
Letter
Miscellaneous
Crossword
General Knowledge
Baby Names
Logo
Food
Cars
Numbers
Grab Bag
University
College
Popular
Company
Slogans
Restaurants
Justice
Letter
Random Quiz
Search Sporcle
×
Quiz Lab
Quiz Lab
Miscellaneous
110
Type in answers that appear in a list
Type in answers that appear in a list
Classic
Best Score? Go Orange.
Top 110 Baby Girl Names Of 1900s (1900-1910) Stats
Can you name the Top 110 Baby Girl Names Of 1900s (1900-1910)?
By
glandt
20m
110 Questions
255 Plays
255 Plays
255 Plays
Comments
Comments
Give Quiz Kudos
Give Quiz Kudos
-
- Ratings
hide this ad
Replay
Link that replays current quiz
Next Quiz
Link to next quiz in quiz playlist
You Got
0%
They Got
Avg Score
77%
Avg Friend Score
Upgrade to see
Score Distribution
Jump to the score distribution portion of the page
Score
0/110
Timer
20:00
0
Plays Today
Hint
Answer
% Correct
Mary
97.6%
Elizabeth
97.3%
Ann
94.9%
Margaret
94.1%
Marie
93.3%
Sarah
92.9%
Anne
92.9%
Catherine
92.2%
Helen
91.8%
Rose
91.8%
Anna
91.4%
Ruth
90.6%
Laura
90.6%
Emma
90.2%
Dorothy
89%
Emily
88.6%
Alice
88.2%
Julia
88.2%
Martha
87.5%
Betty
87.5%
Lillian
87.1%
Grace
86.3%
Clara
86.3%
Lucy
85.9%
Rosa
85.1%
Nora
85.1%
Evelyn
84.7%
Violet
84.7%
Josephine
84.3%
Charlotte
84.3%
Louise
83.9%
Ella
83.9%
Olive
83.9%
Frances
83.5%
Annie
83.5%
Ellen
83.5%
Jean
83.5%
Hint
Answer
% Correct
Daisy
83.1%
Esther
82.7%
Cora
82.7%
Florence
82.4%
Eva
82.4%
Doris
82.4%
Eleanor
82%
Irene
81.2%
Edith
80.4%
Dora
80%
Jessie
79.6%
Theresa
79.2%
Edna
78.8%
Bertha
78.8%
Gertrude
78.8%
Vera
78.8%
Ruby
78%
Lucille
77.6%
Georgia
77.6%
Mildred
77.3%
Virginia
77.3%
Pauline
77.3%
Flora
77.3%
Ethel
76.1%
Ida
76.1%
Gladys
75.7%
Mabel
75.3%
Pearl
75.3%
Nellie
74.9%
Beatrice
74.9%
Jennie
74.9%
Minnie
73.7%
Agnes
73.7%
Lois
73.7%
Elsie
73.3%
Carrie
73.3%
Kathryn
73.3%
Hint
Answer
% Correct
Hazel
72.5%
Thelma
72.5%
Viola
72.5%
Hattie
72.5%
Bessie
72.2%
Ada
72.2%
Lillie
71.8%
Sadie
71.4%
Stella
70.6%
Marion
70.2%
Maggie
69.8%
Hilda
69.4%
Bernice
69%
Beulah
68.6%
Mae
68.2%
Lola
68.2%
Lena
67.8%
Opal
67.8%
Maude
67.5%
Marjorie
67.5%
Alma
67.1%
Susie
67.1%
Myrtle
66.3%
Mattie
65.9%
Velma
65.5%
Willie
64.7%
Blanche
64.7%
Della
63.9%
Fannie
61.6%
Leona
61.6%
Lula
61.6%
Mamie
60.4%
Effie
60%
Marguerite
59.6%
Inez
57.3%
Katharine
56.9%
Quiz Playlist
Details
Report
Send in Message
Add To Playlist
Classic:
Type in answers that appear in a list
Last Updated: Feb 16, 2017
Quiz Scoreboard
CHALLENGE
Sign Up to Join the Scoreboard
Show All
Scores
Hide
Comments
May contain spoilers
Recently Published
College Basketball Coaching Resumes
by pancakes188
Sports
9m
Billboard Blitz: Fleetwood Mac
by CooCooCachoo
Music
15s
Presidents Visiting Landmarks
by Hejman
History
7m
More to Explore
Quiz From the Vault
Featured Blog Post
Where Did the Easter Bunny Come From?
hide this ad
You Might Also Like...
Tags
110
Today's Top Quizzes in Miscellaneous
Browse Miscellaneous
hide this ad
Top Contributed Quizzes in Miscellaneous
1
5-to-1: Fast Food
2
The JOE quick-fire general knowledge quiz: Day 174
3
The JOE quick-fire general knowledge quiz: Day 173
4
5-to-1: Cocktails
5
The JOE quick-fire general knowledge quiz: Day 172
6
Sunday Crossword: Famous Bodies of Water
7
The JOE quick-fire general knowledge quiz: Day 171
8
One Thing in Common: United Kingdom II
9
Named After an Animal - Odd One Out!
10
The JOE quick-fire quiz: Day 170
Explore More
Trending Topics
NBA
Kpop
Anime
Disney
Marvel
Crossword
Harry Potter
WWE
Country
The Office
Soccer
Song
NFL
Puzzle
Pokémon
hide this ad
More By:
glandt
Quiz
Plays
Rating
Category
Featured
Created
Top 110 Baby Boy Names Of The 1900s (1900-1910)
348
4.43
Miscellaneous
Jan 10, 2016
Top 20 Boys Names Of 1920s
311
3.67
Miscellaneous
Oct 4, 2015
Top 110 Baby Girl Names Of 1900s (1900-1910)
255
4.60
Miscellaneous
Feb 27, 2016
Famous MGM Motion Pictures of the 30s, 40s, 50s
181
1.70
Movies
Mar 24, 2016
Medival Era European Empires/Kingdoms
89
1.00
Geography
Jan 27, 2015
Go to Creator's Profile
Score Distribution
Quiz Creator Spotlight
glandt
Follow
Send a Message
Quizzes Created
-
Created Quiz Play Count
-
More By This Creator
Popular Quizzes Today
1
Find the US States - No Outlines Minefield
2
Find the Countries of Europe - No Outlines Minefield
3
The Countries of the World
4
Find the US States
5
Risky Map Clicking: Biggest States A-Z
6
US States
7
Popular People in 1961
8
Movies - When Are They Set?
More Miscellaneous Quizzes
Sporcle's Gone to the Dogs
Editor's Pick
Trending Quizzes
Risky Map Clicking: Least Populous States A-Z
1-10 Letter G Words
1-10 Letter F Words
Risky Map Clicking: Next State Alphabetically
Risky Map Clicking: Biggest States A-Z
Recently Updated
Leaping Animals
pecheneg
Reality TV Shows (A-Z)
bhenderson79
Rickey Henderson's Hall of Fame Teammates
pecheneg
Champions League XIs: Arsenal
pecheneg
Quick Pick: Celebrities in WWE's Hall of Fame
aduchscher
A-Z Keypad Blitz II
pecheneg
Multiple Oscar Actors
pecheneg
Mystery Phrase Blitz: Oscar 'Best Actors'
pecheneg
F. Scott Fitzgerald Novels
LTH
Pick 3 Villains
ddd62291
Trending Topics
Disney
Marvel
Crossword
NBA
Anime
Kpop
Harry Potter
Song
The Office
WWE
Pokémon
Country
Soccer
NFL
Puzzle
Your Account Isn't Verified!
In order to create a playlist on Sporcle, you need to verify the email address you used during registration. Go to your
Sporcle Settings
to finish the process.
Report this User
Report this user for behavior that violates our
Community Guidelines
.
Details:
Send Report
Go to the Sporcle.com Mobile Site →
Comments